Gopichettipalayam Taluk : A study in the changes in agricultural land use (Record no. 14539)

MARC details
000 -LEADER
fixed length control field 00465nam a2200145Ia 4500
082 ## - DEWEY DECIMAL CLASSIFICATION NUMBER
Classification number TP.0276
100 ## - MAIN ENTRY--AUTHOR NAME
Personal name Palanivelu, C.
245 #0 - TITLE STATEMENT
Title Gopichettipalayam Taluk : A study in the changes in agricultural land use
260 ## - PUBLICATION, DISTRIBUTION, ETC. (IMPRINT)
Year of publication 1976
Name of publisher University of Madras
300 ## - PHYSICAL DESCRIPTION
Number of Pages 230p.
650 ## - SUBJECT ADDED ENTRY--TOPICAL TERM
Topical Term LAND USE, RURAL - TAMIL NADU - GOPICHETTIPALAYAM TALUK
650 ## - SUBJECT ADDED ENTRY--TOPICAL TERM
Topical Term AGRICULTURAL GEOGRAPHY - TAMIL NADU - GOPICHETTIPALAYAM TALUK
710 ## - ADDED ENTRY--CORPORATE NAME
Corporate name or jurisdiction name as entry element Ramesh, A.
942 ## - ADDED ENTRY ELEMENTS (KOHA)
Koha item type Thesis
Source of classification or shelving scheme Dewey Decimal Classification
Holdings
Withdrawn status Lost status Damaged status Not for loan Home library Current library Date acquired Full call number Accession Number Price effective from Koha item type
        NASSDOC Library NASSDOC Library 08/10/2004 TP.0276 11570 18/04/2019 Thesis